| 000 | 00877cam a2200265 i 4500 | ||
|---|---|---|---|
| 001 | 18422093 | ||
| 003 | OSt | ||
| 005 | 20240530110620.0 | ||
| 008 | 141230s2014 ua b 001 0 eng c | ||
| 020 | _a9789774166648 | ||
| 040 | _cEG-CaGPL | ||
| 082 | 0 | 0 |
_a962.03 _221 _bCC/ H O |
| 100 | 1 |
_aHanna, Nelly, _eauthor. |
|
| 245 | 1 | 0 |
_aOttoman Egypt and the emergence of the modern world : _b1500-1800 / _cNelly Hanna. |
| 264 | 1 |
_aCairo : _bThe American University In Cairo Press, _c2014. |
|
| 300 |
_avii, 185 pages ; _c24 cm |
||
| 336 |
_atext _btxt _2rdacontent |
||
| 337 |
_aunmediated _bn _2rdamedia |
||
| 338 |
_avolume _bnc _2rdacarrier |
||
| 504 | _aIncludes bibliographical references (pages 157-177) and index. | ||
| 651 | 0 |
_aEgypt _xHistory _y1517-1882. |
|
| 651 | 0 |
_aTurkey _xHistory _yOttoman Empire, 1288-1918. |
|
| 651 | 0 |
_aIslamic Empire _xHistory. |
|
| 942 |
_2ddc _cBK |
||
| 999 |
_c63038 _d63038 |
||